000 00369nam a2200157Ia 4500
008 230711s9999||||xx |||||||||||||| ||und||
041 _aENG
082 _a620
_bAT-P
100 _aAthalye,A.S
245 0 _aPlastics in packaging
250 _a1st
260 _c1992
_aNew Delhi
_bTata McGraw Hill Education Limited
300 _a318
650 _aPhysics
942 _cBK
999 _c2402
_d2402